Organizational Behavior / (Record no. 1482)
[ view plain ]
| 000 -LEADER | |
|---|---|
| fixed length control field | 00991nam a22003015a 4500 |
| 006 - FIXED-LENGTH DATA ELEMENTS--ADDITIONAL MATERIAL CHARACTERISTICS--GENERAL INFORMATION | |
| fixed length control field | a||||fr|||| 00| 0 |
| 008 - FIXED-LENGTH DATA ELEMENTS--GENERAL INFORMATION | |
| fixed length control field | 090507t2007 njua|||frb||| 001 0 eng d |
| 010 ## - LIBRARY OF CONGRESS CONTROL NUMBER | |
| LC control number | 2005055469 |
| 020 ## - INTERNATIONAL STANDARD BOOK NUMBER | |
| International Standard Book Number | 0132431564 |
| 020 ## - INTERNATIONAL STANDARD BOOK NUMBER | |
| International Standard Book Number | 9780132431569 |
| 040 ## - CATALOGING SOURCE | |
| Original cataloging agency | EG-ScBUE |
| Language of cataloging | eng |
| Transcribing agency | EG-ScBUE |
| 082 04 - DEWEY DECIMAL CLASSIFICATION NUMBER | |
| Classification number | 658.3 |
| Item number | ROB |
| Edition number | 22 |
| 100 1# - MAIN ENTRY--PERSONAL NAME | |
| Personal name | Robbins, Stephen P., |
| 9 (RLIN) | 4616 |
| 245 10 - TITLE STATEMENT | |
| Title | Organizational Behavior / |
| Statement of responsibility, etc | Stephen P. Robbins, Timothy A. Judge. |
| 250 ## - EDITION STATEMENT | |
| Edition statement | 12th ed. |
| 260 ## - PUBLICATION, DISTRIBUTION, ETC. (IMPRINT) | |
| Place of publication, distribution, etc | Upper Saddle River, N.J. : |
| Name of publisher, distributor, etc | Pearson/Prentice Hall, |
| Date of publication, distribution, etc | c2007. |
| 300 ## - PHYSICAL DESCRIPTION | |
| Extent | 759 p. : |
| Other physical details | col. ill., forms, col. ports. ; |
| Dimensions | 29 cm. + |
| Accompanying material | 1 CD-ROM |
| 500 ## - GENERAL NOTE | |
| General note | Indexes : p. 719-741. |
| 500 ## - GENERAL NOTE | |
| General note | Appendix : p. -686-692. |
| 500 ## - GENERAL NOTE | |
| General note | Glindex : p.743- 759. |
| 504 ## - BIBLIOGRAPHY, ETC. NOTE | |
| Bibliography, etc | Includes bibliographical references and indexes. |
| 590 ## - LOCAL NOTE (RLIN) | |
| Local note | Menna Elemam |
| 650 #0 - SUBJECT ADDED ENTRY--TOPICAL TERM | |
| Topical term or geographic name as entry element | Organizational behavior. |
| 9 (RLIN) | 4617 |
| Source of heading or term | BUEsh |
| 651 ## - SUBJECT ADDED ENTRY--GEOGRAPHIC NAME | |
| Source of heading or term | BUEsh |
| 653 ## - INDEX TERM--UNCONTROLLED | |
| Arrived date list | August2015 |
| 700 1# - ADDED ENTRY--PERSONAL NAME | |
| Personal name | Judge, Tim. |
| 9 (RLIN) | 4618 |
| 942 ## - ADDED ENTRY ELEMENTS (KOHA) | |
| Item type | Book - Borrowing |
| Call number prefix | 658.3 ROB |
| Source of classification or shelving scheme | Dewey Decimal Classification |
| Withdrawn status | Item status | Source of classification or shelving scheme | Damaged status | Not for loan | Vendor | Home library | Current library | Shelving location | Date acquired | Source of acquisition | Cost, normal purchase price | Total Checkouts | Total Renewals | Full call number | Barcode | Date last seen | Date last borrowed | Cost, replacement price | Koha item type |
|---|---|---|---|---|---|---|---|---|---|---|---|---|---|---|---|---|---|---|---|
| Dewey Decimal Classification | Central Library | Central Library | First floor | 07/05/2009 | 266.00 | 22 | 24 | 658.3 ROB | 000002907 | 15/07/2025 | 16/02/2010 | 332.50 | Book - Borrowing | ||||||
| Dewey Decimal Classification | Central Library | Central Library | First floor | 07/05/2009 | 266.00 | 20 | 1 | 658.3 ROB | 000002905 | 15/07/2025 | 27/11/2013 | 332.50 | Book - Borrowing | ||||||
| Dewey Decimal Classification | Central Library | Central Library | First floor | 07/05/2009 | 266.00 | 17 | 1 | 658.3 ROB | 000016425 | 15/07/2025 | 22/04/2013 | 332.50 | Book - Borrowing | ||||||
| Dewey Decimal Classification | Central Library | Central Library | First floor | 07/05/2009 | Purchase | 266.00 | 5 | 6 | 658.3 ROB | 000001162 | 15/07/2025 | 22/03/2014 | 332.50 | Book - Borrowing | |||||
| Dewey Decimal Classification | Central Library | Central Library | First floor | 19/10/2006 | Purchase | 266.00 | 13 | 3 | 658.3 ROB | 000033269 | 15/07/2025 | 25/03/2010 | 332.50 | Book - Borrowing | |||||
| Dewey Decimal Classification | Central Library | Central Library | First floor | 07/05/2009 | 266.00 | 9 | 3 | 658.3 ROB | 000012019 | 15/07/2025 | 05/11/2012 | 332.50 | Book - Borrowing | ||||||
| Dewey Decimal Classification | Central Library | Central Library | First floor | 07/05/2009 | 266.00 | 1 | 658.3 ROB | 000002906 | 15/07/2025 | 05/11/2009 | 332.50 | NB - Book (Non borrowing) | |||||||
| Dewey Decimal Classification | Central Library | Central Library | First floor | 04/07/2011 | 266.00 | 658.3 ROB | 000007507 | 24/08/2022 | 332.50 | CD | DVD - With book (NB) | |||||||||
| Dewey Decimal Classification | Central Library | Central Library | First floor | 04/07/2011 | 266.00 | 658.3 ROB | 000007514 | 24/08/2022 | 332.50 | CD | DVD - With book | |||||||||
| Dewey Decimal Classification | Central Library | Central Library | First floor | 04/07/2011 | 266.00 | 658.3 ROB | 000007521 | 24/08/2022 | 332.50 | CD | DVD - With book | |||||||||
| Dewey Decimal Classification | Central Library | Central Library | First floor | 04/07/2011 | 266.00 | 658.3 ROB | 000007526 | 24/08/2022 | 332.50 | CD | DVD - With book | |||||||||
| Dewey Decimal Classification | Central Library | Central Library | First floor | 04/07/2011 | 266.00 | 658.3 ROB | 000007527 | 24/08/2022 | 332.50 | CD | DVD - With book |